[Event "XIV Figueira da Foz Open 2020"]
[Site "Figueira da Foz"]
[Date "2020.10.31"]
[Round "9.8"]
[White "Silva, Mariana Sofia T."]
[Black "Djuric, Stefan"]
[Result "0-1"]
[WhiteElo "1885"]
[BlackElo "2358"]
[Annotator "TA"]
[PlyCount "88"]
[EventDate "2020.10.24"]
[EventType "swiss"]
[EventCountry "POR"]
[SourceTitle "playchess.com"]
[Source "ChessBase"]
[SourceQuality "1"]

{[%evp 19,88,-13,-9,-59,-37,-60,-60,-46,-38,-126,-150,-147,-138,-191,-183,-194,-170,-287,-279,-428,-433,-422,-419,-406,-390,-343,-352,-357,-348,-771,-765,-769,-732,-719,-729,-722,-719,-649,-647,-640,-634,-609,-604,-599,-576,-681,-514,-984,-722,-5381,-964,-948,-954,-932,-931,-882,-787,-914,-905,-6982,-6508,-29976,-844,-1438,-1327,-29984,-29985,-29985,-29986,-29997,-29998]} 1. Nf3 g6 2. g3 Bg7 3. Bg2 Nf6 4. c4 O-O 5. O-O c5 6. Nc3 Nc6 7. d4 cxd4 8. Nxd4 Nxd4 9. Qxd4 d6 10. h3 Be6 11. Bxb7 {E65: King's Indian: Fianchetto: 6...c5 7 0-0 without d5 by White.} Bxh3 (11... Nd5 $5 {[%cal Rg7d4]} 12. Qh4 Nxc3 13. bxc3 Rb8 $17) 12. Bg2 {[#]} Bxg2 $146 ({Predecessor:} 12... Qc8 13. Rd1 Bxg2 14. Kxg2 Qc6+ 15. f3 Rfc8 16. b3 d5 17. Bb2 dxc4 18. Nd5 Qxd5 19. Qxd5 Nxd5 20. Bxg7 Ne3+ 21. Kh2 Nxd1 {0-1 (21) Sikkila,J-Peltomaki,J (1996) Finland 2010}) 13. Kxg2 {Black is slightly better.} Qd7 14. Qh4 (14. f3 $15) 14... Rac8 $17 15. Rh1 h5 16. f3 (16. Qf4 $17) 16... Qe6 $19 17. Qd4 Rxc4 18. Qxa7 (18. Qe3 {keeps fighting.}) 18... d5 {Threatens to win with ...d4.} 19. Bg5 (19. Qe3 $142 Qxe3 20. Bxe3) 19... d4 20. Bxf6 exf6 ({Less strong is} 20... dxc3 21. Bxc3 Bxc3 22. bxc3 $17) 21. Ne4 f5 22. Nf2 Rc2 23. Rhe1 Rxb2 24. e4 $2 (24. Qa3 Rxe2 25. Rxe2 Qxe2 26. Qd3) 24... dxe3 25. Rxe3 Qd6 26. Rf1 Bd4 27. Qa3 Qxa3 28. Rxa3 Re8 29. Rd3 Ba7 30. Ra3 Bc5 31. Rc3 Be3 32. f4 Rxa2 33. Kf3 (33. Re1 $142 Rxf2+ 34. Kh1) 33... Ba7 34. Rd3 {[#]} Ree2 (34... Re1 $142 $1 {[%mdl 512]} 35. Rd1 (35. Rxe1 Rxf2#) 35... Rxf2+ {[%mdl 64] Remove Defender} 36. Rxf2 Rxd1) 35. Nd1 Red2 36. Rxd2 Rxd2 {[%mdl 4096] Endgame KRB-KRN} 37. Re1 Bd4 38. Rf1 f6 39. Nf2 g5 40. fxg5 fxg5 (40... Rxf2+ $142 41. Rxf2 Bxf2 42. g6 {[#]} Bxg3 $1 {[%mdl 512]} 43. Ke2 Kg7 44. Ke3 h4 45. Kf3 f4 46. Kg4 Kxg6 47. Kf3 h3 48. Ke2 h2 49. Kd1 h1=Q+ 50. Kd2 Qc6 51. Kd1 Kf5 52. Kd2 Ke4 53. Kd1 Qc3 54. Ke2 Qe1#) 41. Nd1 Kg7 42. Rh1 Kg6 {Black mates.} 43. Re1 Kf6 44. Ne3 g4+ {White did not feel at home in the position after the opening. Av CentiPawn Loss W=-181/B=-95. Weighted=-150/-67} 0-1

[Event "XIV Figueira da Foz Open 2020"]
[Site "Figueira da Foz"]
[Date "2020.10.31"]
[Round "9.9"]
[White "Tadevosyan, Aspet"]
[Black "Margarido, Jose Miguel Teixeira"]
[Result "1-0"]
[WhiteElo "2136"]
[BlackElo "2138"]
[Annotator "TA"]
[PlyCount "61"]
[EventDate "2020.10.24"]
[EventType "swiss"]
[EventCountry "POR"]
[SourceTitle "playchess.com"]
[Source "ChessBase"]
[SourceQuality "1"]

{[%evp 14,61,29,26,30,0,4,-17,-18,-23,-16,-27,-20,-29,0,-3,-7,-22,0,-17,-10,-108,-28,-29,-15,-8,16,16,16,33,30,28,29,0,68,54,415,415,402,409,415,412,418,399,404,387,636,629,29978,2181]} 1. d4 Nf6 2. c4 e6 3. Nf3 b6 4. g3 Ba6 5. b3 Bb7 6. Bg2 Bb4+ 7. Bd2 a5 8. O-O O-O {E15: Queen's Indian: 4 g3 sidelines, 4 g3 Ba6 and 4 g3 Bb7 early deviations.} 9. Bc1 a4 10. a3 axb3 {The position is equal.} 11. Bb2 Be7 12. Nbd2 d5 13. Qxb3 Nc6 14. Qc2 Na5 15. Ne5 {[#]} Nd7 $146 ({Predecessor:} 15... c5 16. Rfd1 Rc8 17. dxc5 Bxc5 18. Rac1 Qe7 19. Qb1 Rfd8 20. Nd3 d4 21. Bxb7 Qxb7 {0-1 (34) Macedo,M (2304)-Fernando,D (2488) Natal 2009}) 16. Nd3 c5 17. e4 (17. dxc5 $11 dxc4 18. Nxc4 (18. Bxb7 $2 cxd3 19. Qd1 Nxb7 $19) 18... Bxg2 19. Kxg2) 17... Rc8 ({Black should try} 17... dxe4 $1 $17 18. Bxe4 Bxe4 19. Nxe4 cxd4 20. Bxd4 Rc8) 18. cxd5 $11 exd5 19. exd5 c4 20. Nb4 Nf6 {[%cal Rf6d5]} 21. Rfe1 Rc7 22. Re5 $36 {[%mdl 2048] White has the initiative.} Bd6 23. Re2 Qa8 (23... c3 $11 24. Bxc3 Bxb4 25. axb4 Nxd5 26. Bxd5 Qxd5) 24. Ne4 Nxd5 $2 {[%mdl 8192] This move loses the game for Black.} (24... Nxe4 $14 25. Bxe4 (25. Rxe4 Nb3 $11) 25... g6) 25. Nxd6 $18 Nxb4 26. axb4 Bxg2 27. bxa5 bxa5 28. Rae1 Bh3 {[%csl Gh3][%cal Ra8g2]} 29. Qe4 Qa6 $2 (29... Qxe4 30. Nxe4 Ra8) 30. Ba3 {Hoping for Ne8.} Rc6 {[#]} 31. Qe7 {Av CentiPawn Loss W=-55/B=-81. Weighted=-44/-71} (31. Qe8 $142 $3 {[%mdl 512]} h6 {[#]} (31... Rxe8 32. Rxe8#) 32. Qxf8+ $1 {[%mdl 512]} Kh7 33. Re7 Rc8 34. Nxc8 Qxc8 35. Qxf7 Qg8 36. Qh5 $1 {[%mdl 576] Double Attack}) 1-0

[Event "XIV Figueira da Foz Open 2020"]
[Site "Figueira da Foz"]
[Date "2020.10.31"]
[Round "9.10"]
[White "Santos, Antonio P"]
[Black "Alshameary Puente, Ismael"]
[Result "1-0"]
[WhiteElo "2123"]
[BlackElo "2373"]
[Annotator "TA"]
[PlyCount "91"]
[EventDate "2020.10.24"]
[EventType "swiss"]
[EventCountry "POR"]
[SourceTitle "playchess.com"]
[Source "ChessBase"]
[SourceQuality "1"]

{[%evp 11,91,17,15,14,14,14,12,14,15,0,0,1,0,-7,41,46,52,12,17,0,0,0,0,0,8,0,0,0,0,-8,-15,-8,10,0,46,0,0,-25,0,0,0,-23,-30,-28,-23,-137,-137,-152,-176,-239,-243,-268,-127,-247,-272,-289,-7,-7,-8,-9,0,0,319,318,341,327,358,358,358,271,358,358,382,382,382,382,382,382,382,382,633,632]} 1. d4 Nf6 2. c4 b6 3. Nf3 Bb7 4. Nc3 d5 5. cxd5 Nxd5 6. e3 e6 7. Bb5+ {E12: Queen's Indian: Unusual White 4th moves, 4 a3, 4 Nc3 Bb7 5 a3 and 4 Nc3 Bb7 .} c6 8. Bd3 Be7 9. O-O {The position is equal.} O-O 10. Nxd5 Qxd5 11. Qc2 Qh5 {[#]} 12. Be2 $146 ({Predecessor:} 12. Ne5 c5 13. Be2 Qg5 14. Nf3 Qd5 15. Rd1 Nc6 16. dxc5 Qxc5 17. Qxc5 Bxc5 18. b3 Rfd8 {½-½ (18) Nyffeler,H (2030)-Garus,E (2040) GER email 2012}) 12... Qd5 13. Ne5 Qd8 14. Bf3 Qc7 15. Nd3 c5 16. Bxb7 Qxb7 17. dxc5 bxc5 18. b3 Rc8 19. Bb2 Nd7 20. Ne5 Nxe5 21. Bxe5 Qd5 22. Bb2 c4 23. Rfd1 Qb5 24. Qe2 Rab8 25. Rac1 a6 26. Qg4 {[%csl Gb2][%cal Rg4g7]} Bf8 $36 {[%mdl 2048] Black has good play.} 27. Rc3 Qa5 28. Rxc4 (28. Ra1 $11 {remains equal.}) 28... Qxa2 $17 29. Rxc8 Rxc8 30. Bd4 (30. Be5 $142) 30... Qxb3 $19 31. g3 Qc4 (31... a5 $19 32. Qe2 a4) 32. Qf3 (32. Qh5 $17 {was necessary.}) 32... a5 33. Rb1 Qc6 $2 ({Black should try} 33... a4 $19 {...f6 is the strong threat.} 34. Qb7 a3) 34. Qxc6 $11 Rxc6 {[%mdl 4096] Endgame KRB-KRB} 35. Rb8 {Threatens to win with Bb2.} Rc1+ 36. Kg2 a4 $2 {[%mdl 8192] [#]} (36... f6 $11 {and Black stays safe.}) 37. Be5 $1 $18 Rd1 {[#]} 38. Bc3 $1 g5 39. Bb4 Rb1 40. Rxf8+ {KRB-KR} Kg7 41. Rb8 {And now Bc3+ would win.} Kg6 42. Rg8+ Kf5 43. Be7 h6 44. Ra8 Ra1 45. h3 h5 $2 (45... Kg6 46. g4 Kg7) 46. Rg8 {Av CentiPawn Loss W=-13/B=-33. Weighted=-16/-43} 1-0

[Event "XIV Figueira da Foz Open 2020"]
[Site "Figueira da Foz"]
[Date "2020.10.31"]
[Round "9.11"]
[White "Santos, Luis Manuel Freire R"]
[Black "Fernandes, Miguel A. Murtinho"]
[Result "0-1"]
[WhiteElo "1891"]
[BlackElo "2139"]
[Annotator "TA"]
[PlyCount "52"]
[EventDate "2020.10.24"]
[EventType "swiss"]
[EventCountry "POR"]
[SourceTitle "playchess.com"]
[Source "ChessBase"]
[SourceQuality "1"]

{[%evp 9,52,0,0,0,0,-132,-29,-27,-26,-39,-38,-39,-28,-38,-27,-45,-50,-425,-424,-415,-383,-418,-331,-323,-314,-669,-659,-895,-894,-891,-887,-1086,-1071,-1039,-1039,-994,-1004,-968,-958,-1861,-1860,-29986,-29984,-29993,-29994]} 1. d4 d5 2. c4 c6 3. e3 Nf6 4. b3 Bf5 5. Nd2 e6 6. Bb2 {D10: Slav Defence: 3 cxd5 (without early Nf3) and 3 Nc3.} Bd6 {[#]} 7. Ndf3 $146 (7. Ngf3 $11) ({Predecessor:} 7. c5 Bc7 8. b4 a6 9. a4 O-O 10. b5 axb5 11. axb5 Rxa1 12. Qxa1 Ba5 13. Bc3 Bxc3 14. Qxc3 {0-1 (29) Vorontsov,I-Saifullin,D (1267) Gelendzhik 2016}) 7... O-O (7... Bb4+ $17 8. Ke2 Ne4) 8. Bd3 $11 {Black has an edge.} Bb4+ 9. Kf1 Bxd3+ 10. Qxd3 Nbd7 $36 {[%mdl 2048] Black fights for an advantage.} 11. Ne2 Ne4 12. Ng3 f5 13. Ne5 $2 {[%mdl 8192] [#] White does not recover from this.} (13. Kg1 $15) 13... Nxe5 $19 14. dxe5 dxc4 15. Qxd8 Nxg3+ ({Don't do} 15... Rfxd8 16. Nxe4 fxe4 17. g3 $19) 16. hxg3 Raxd8 (16... Rfxd8 17. Rh4 $17) 17. a3 $2 {[#]} (17. bxc4 c5 18. Rb1) 17... c3 18. axb4 cxb2 {[%mdl 4096] Endgame KRR-KRR} 19. Rb1 Rd2 20. f4 Rc2 21. Kg1 Rd8 22. Kh2 Rdd2 23. Rhg1 Rc3 24. Rgd1 Rxd1 25. Rxd1 Rc1 26. Rd2 b1=Q {Av CentiPawn Loss W=-107/B=-9. Weighted=-129/-17} 0-1

[Event "XIV Figueira da Foz Open 2020"]
[Site "Figueira da Foz"]
[Date "2020.10.31"]
[Round "9.12"]
[White "Varela La Madrid, Tilsia Carolina"]
[Black "Dantas, Carlos"]
[Result "1/2-1/2"]
[WhiteElo "2060"]
[BlackElo "2126"]
[Annotator "TA"]
[PlyCount "33"]
[EventDate "2020.10.24"]
[EventType "swiss"]
[EventCountry "POR"]
[SourceTitle "playchess.com"]
[Source "ChessBase"]
[SourceQuality "1"]

{[%evp 10,33,18,10,29,18,35,9,6,-33,0,-39,17,19,14,0,0,-103,0,-20,-6,-6,0,-56,36,32]} 1. e4 e5 2. Nf3 Nc6 3. Bc4 Bc5 4. c3 Nf6 5. d3 d6 6. Bg5 Bb6 {C54: Giuoco Piano: 4 c3 Nf6, main lines with 5 d4 and 5 d3.} 7. Nbd2 {[%cal Bb1d2,Bd2f1,Bf1g3,Bg3h5][%mdl 32]} O-O 8. Nf1 Be6 {[#] The position is equal.} 9. Ng3 $146 ({Predecessor:} 9. Bb3 Qe7 10. Bc2 h6 11. Bh4 g5 12. Bg3 d5 13. Qe2 dxe4 14. dxe4 Qc5 15. Ne3 {0-1 (35) Sun,J (1492)-Qin,X (1812) Changsha 2019}) 9... h6 10. Bh4 Nb8 (10... Bxc4 $15 11. dxc4 Qe7) 11. Nh5 $11 Nbd7 $1 12. Bxe6 fxe6 13. a4 (13. Nxf6+ $11 Nxf6 14. O-O) 13... a5 ({Black should play} 13... g5 $17 14. Nxf6+ Qxf6) 14. O-O Qe8 15. Nxf6+ Nxf6 16. Bxf6 ({White should try} 16. Kh1 $11) 16... gxf6 ({Better is} 16... Rxf6 $15 17. d4 exd4) 17. d4 {Av CentiPawn Loss W=-28/B=-30. Weighted=-22/-44} 1/2-1/2

[Event "XIV Figueira da Foz Open 2020"]
[Site "Figueira da Foz"]
[Date "2020.10.31"]
[Round "9.13"]
[White "Morais, Mario Martins Freita"]
[Black "Pintor, Simao Maciel Abranch"]
[Result "1/2-1/2"]
[WhiteElo "1808"]
[BlackElo "2115"]
[Annotator "TA"]
[PlyCount "80"]
[EventDate "2020.10.24"]
[EventType "swiss"]
[EventCountry "POR"]
[SourceTitle "playchess.com"]
[Source "ChessBase"]
[SourceQuality "1"]

{[%evp 15,80,15,29,-42,-2,-8,0,-8,-9,-4,0,0,39,-8,-8,-8,-8,-8,-8,-8,-8,-7,-8,-8,-10,-10,-10,-12,-9,-91,0,-10,-10,-9,-13,-30,0,0,0,0,0,-43,-22,-11,0,0,0,0,0,0,0,0,0,-29,-31,-5097,-4435,-1302,0,-6315,-6191,-29968,-29968,-29965,-29965,-29972,-29972]} 1. d4 d5 2. c4 e6 3. Nf3 c5 4. e3 Nc6 5. Nc3 Nf6 6. Be2 dxc4 7. Bxc4 Be7 8. O-O O-O 9. Bb3 {D40: Queen's Gambit Declined: Semi-Tarrasch with 5 e3.} (9. dxc5 $11 Qa5 10. Nb5) 9... cxd4 10. exd4 b6 11. d5 {The position is equal.} exd5 12. Nxd5 Nxd5 {[#]} 13. Qxd5 $146 ({Predecessor:} 13. Bxd5 Bb7 14. Bb3 Bf6 15. Re1 Qc7 16. Qc2 Rac8 17. Bg5 Nd4 18. Nxd4 Qxc2 19. Nxc2 Bxg5 {0-1 (36) Jaskunaite,A (1482)-Lileikis,A (2009) Lithuania 2014}) 13... Qc7 14. Bg5 Be6 15. Qe4 Bxb3 16. axb3 Rfe8 {[#] And now ...Bxg5 would win.} 17. Rfe1 h6 18. Bxe7 Rxe7 19. Qc4 {Hoping for Rxe7.} Rxe1+ 20. Rxe1 {Nd4 is the strong threat.} Qd6 21. h3 Rd8 22. b4 (22. g3 $11) 22... Qf6 ({Black should play} 22... Nxb4 $17 23. Ne5 Nd5) 23. b5 Nd4 24. Ne5 Ne6 25. b4 Rd4 26. Qc8+ Kh7 27. Qc2+ g6 28. Nc6 Rd7 29. Rd1 Nd4 (29... Qf5 {is interesting.} 30. Qb3 Rxd1+ 31. Qxd1 Qxb5 32. Qf3 Ng5) 30. Nxd4 Rxd4 31. Rxd4 Qxd4 $11 {[%mdl 4096] Endgame KQ-KQ} 32. Qc7 Qa1+ 33. Kh2 Kg7 34. f4 Qd4 35. Qe5+ $2 {[%mdl 8192]} (35. Qb8 $15) 35... Qxe5 $19 36. fxe5 g5 $2 ({Better is} 36... f5 $19 {Threatens to win with ...Kf7.} 37. Kg3 g5) 37. g4 $2 {[%mdl 8192] [#]} (37. Kg1 $11) 37... f6 $1 {[%cal Rf6e5]} 38. exf6+ Kxf6 {Black mates.} 39. Kg3 Ke5 40. h4 Ke4 {[%mdl 32768] Av CentiPawn Loss W=-106/B=-62. Weighted=-149/-52. An unexpected result.} 1/2-1/2

[Event "XIV Figueira da Foz Open 2020"]
[Site "Figueira da Foz"]
[Date "2020.10.31"]
[Round "9.14"]
[White "Roettgen, Juergen"]
[Black "Torres Dominguez, David"]
[Result "0-1"]
[WhiteElo "2099"]
[BlackElo "2029"]
[Annotator "TA"]
[PlyCount "56"]
[EventDate "2020.10.24"]
[EventType "swiss"]
[EventCountry "POR"]
[SourceTitle "playchess.com"]
[Source "ChessBase"]
[SourceQuality "1"]

{[%evp 9,56,15,18,-41,-18,-27,-20,-65,68,-20,18,-97,-116,-218,-245,-229,-185,-188,-162,-230,-202,-226,-191,-197,-192,-246,-229,-235,-226,-227,-232,-365,-365,-250,-253,-537,-537,-758,-634,-572,-201,-480,-452,-456,-372,-466,-474,-1333,-628]} 1. c4 e5 2. Nc3 Nc6 3. Nf3 f5 4. d4 e4 5. Ng5 Bb4 6. d5 {A27: English Opening: Three Knights Variation.} (6. Nh3 $11) 6... Ne5 7. Qb3 {[#]} Qe7 $146 ({Predecessor:} 7... Bc5 8. Nh3 Nf6 9. Na4 Be7 10. Bf4 Ng6 11. d6 cxd6 12. Nc3 d5 13. e3 O-O {0-1 (53) Dubov,D (2699)-Nakamura,H (2736) chess24.com INT 2020}) 8. Bd2 {The position is equal.} e3 (8... Bc5 $15 9. Nh3 Nf6) 9. fxe3 (9. Bxe3 $14 Nf6 10. Nf3) 9... Ng4 {Strongly threatening ...Bxc3.} 10. Nh3 (10. e4 $11 {remains equal.}) 10... N8f6 $17 {White is on the road to losing.} 11. Nb5 (11. g3 $17) 11... Bxd2+ $19 12. Kxd2 Ne4+ 13. Ke1 d6 {[%mdl 1024] Black has strong compensation.} 14. Nd4 (14. g3 $142) 14... O-O 15. g3 Nc5 16. Qc3 Bd7 ({Worse is} 16... Nxe3 {[#]} 17. Ne6 $1 $11 {[%mdl 512]}) (16... Qxe3 17. Qxe3 Nxe3 18. b3 $17) 17. Bg2 (17. Nf4 {is a better defense.}) 17... Nxe3 (17... Qxe3 18. Qxe3 Nxe3 19. b4 $17) 18. Bf3 Na4 19. Qb3 {intending Ne6!} Qe5 20. Ne6 (20. Nc2 $142 Ng4 21. Kd2) 20... Bxe6 ({Weaker is} 20... Nxb2 21. Nxf8 Ba4 22. Nd7 $17) ({And not} 20... Qxb2 21. Qxb2 Nxb2 22. Nxf8 $11) 21. Qxa4 {[#]} b5 $1 {[%mdl 512]} 22. Qxb5 $2 (22. Qb3 {was called for.} bxc4 23. Qc3 Bxd5 24. Qxe5 dxe5 25. Kd2 Bxf3 26. exf3) 22... Rab8 23. Qc6 Nc2+ 24. Kf1 Qxb2 $2 (24... Bc8 25. Rb1 f4 26. Nxf4 Rxf4 {[%mdl 64] Remove Defender}) 25. dxe6 $2 (25. Rd1 {only move.} Ne3+ 26. Kf2 Nxd1+ 27. Rxd1) 25... Qxa1+ 26. Kg2 Ne3+ 27. Kf2 Qd4 28. Ke1 (28. e7 $142 Nxc4+ 29. Kg2 Ne3+ 30. Kf2 Nd5+ 31. Kg2 Nxe7 32. Qd7) 28... Nc2+ {Av CentiPawn Loss W=-98/B=-66. Weighted=-140/-98} (28... Rb6 $142 29. Qxb6 axb6) 0-1

[Event "XIV Figueira da Foz Open 2020"]
[Site "Figueira da Foz"]
[Date "2020.10.31"]
[Round "9.15"]
[White "Guerreiro, Nuno"]
[Black "Pipiras, Filipa Fortuna"]
[Result "0-1"]
[WhiteElo "2079"]
[BlackElo "1912"]
[Annotator "TA"]
[PlyCount "76"]
[EventDate "2020.10.24"]
[EventType "swiss"]
[EventCountry "POR"]
[SourceTitle "playchess.com"]
[Source "ChessBase"]
[SourceQuality "1"]

{[%evp 13,76,-3,17,-22,-10,-20,0,-18,-4,-58,-40,-78,-49,-39,-37,-75,-23,-43,-31,-130,-122,-129,-118,-128,-114,-123,-105,-381,-136,-138,-125,-197,-113,-105,-103,-251,-248,-219,-255,-239,-151,-150,-157,-333,-319,-308,-312,-345,-343,-323,-316,-1552,-1463,-2294,-2281,-2002,-1984,-1976,-1957,-1514,-1332,-5406,-5396,-29993,-29994]} 1. Nf3 Nf6 2. c4 e6 3. g3 d5 4. Bg2 Be7 5. O-O O-O 6. Qc2 c5 7. d4 b6 8. Nbd2 {A14: English Opening: 1...e6 with b3 by White.} Bb7 9. cxd5 exd5 10. dxc5 {The position is equal.} bxc5 11. Nb3 ({White should play} 11. b3 $11) 11... Nbd7 {[%cal Bb8d7,Bd7b6,Bb6c4][%mdl 32] [#]} 12. Bd2 $146 ({Predecessor:} 12. Bg5 Rc8 13. Rfd1 h6 14. Bf4 Qb6 15. Nh4 Rfe8 16. Nf5 Bf8 17. h4 Ne4 18. Nd2 {0-1 (53) Ilyushina,O-Abramova,Y (2028) Obninsk 2007}) 12... Rc8 13. Ba5 Nb6 14. Rac1 d4 (14... Ne4 $17) 15. Rfd1 Be4 16. Qd2 ({Better is} 16. Qc4 $1 $15) 16... Qd5 $17 17. Qf4 Nc4 18. Nfxd4 cxd4 19. Rxd4 Qb5 {And now ...g5 would win.} 20. Bh3 $2 {[%mdl 8192]} (20. Bxe4 $17 {is the only way for White.} Nxa5 {[%mdl 64] Discovered Attack} 21. Rxc8 Rxc8 22. Bd3) 20... Rc6 $2 (20... Nxa5 $2 21. Rxc8 Rxc8 22. Bxc8 $19) (20... g5 $19 21. a4 gxf4 22. axb5 Nxa5 $1 {[%mdl 512]} 23. Rxc8 Nxb3 24. Rxf8+ Kxf8) 21. Rxe4 Nxe4 22. Nd4 {[#]} (22. Qxe4 $17 Nxa5 23. Rxc6 Qxc6 24. Qxe7 Nxb3 25. axb3) 22... Qd5 ({Not} 22... Ng5 23. Bg2 $11 (23. Nxb5 $2 {perishes.} Nxh3+ 24. Kh1 Nxf4 $19)) (22... Nxf2 $1 $19 23. Bg2 {[#]} Nh3+ $1 {[%mdl 512]} 24. Bxh3 Bc5) 23. Nxc6 Bg5 24. Qc7 (24. Qxg5 $17 Qxg5 25. Rxc4) 24... Nxa5 $40 {[%mdl 192] Discovered Attack. Black goes for the king.} 25. Ne7+ Bxe7 $1 26. Qxe7 Qd2 27. Rf1 Qxe2 {Strongly threatening ...Nc4.} 28. Qxa7 $2 (28. Bg2 $17 f5 29. Qxa7) 28... Nc4 29. Qa6 {White hopes to continue with b3.} Qc2 30. Bf5 {With the idea Qc6.} g6 ({Weaker is} 30... Nxb2 31. Qb7 $14) 31. Bxe4 Qxe4 32. b3 $2 (32. Qa4) 32... Nd2 33. Rd1 Nf3+ 34. Kf1 Nxh2+ 35. Kg1 Nf3+ 36. Kf1 Re8 {( -> ...Ne1)} 37. Qb5 Re5 38. Qd3 {[#]} Nd2+ $1 {[%mdl 512] Av CentiPawn Loss W=-130/B=-30. Weighted=-114/-44} 0-1

[Event "XIV Figueira da Foz Open 2020"]
[Site "Figueira da Foz"]
[Date "2020.10.31"]
[Round "9.16"]
[White "Movsisyan, Tigran"]
[Black "Silva, Jose Lucas Ferreira"]
[Result "0-1"]
[WhiteElo "1730"]
[BlackElo "1336"]
[Annotator "NA RC"]
[PlyCount "68"]
[EventDate "2020.10.24"]
[EventType "swiss"]
[EventCountry "POR"]
[SourceTitle "playchess.com"]
[Source "ChessBase"]
[SourceQuality "1"]
[TimeControl "40/5400+30:1800+30"]

1. e4 {[%emt 0:03:14]} c5 {[%emt 0:00:00]} 2. Nc3 {[%emt 0:00:06]} Nc6 {[%emt 0:00:02]} 3. Bb5 {[%emt 0:00:01]} g6 {[%emt 0:00:19]} 4. Bxc6 {[%emt 0:00:21]} bxc6 {[%emt 0:01:27]} 5. f4 {[%emt 0:00:12]} d5 {[%emt 0:02:12]} 6. d3 {[%emt 0:00:26]} Bg7 {[%emt 0:03:03]} 7. Bd2 {[%emt 0:01:20]} Nf6 {[%emt 0:03:46]} 8. e5 {[%emt 0:00:25]} Ng8 {[%emt 0:00:22]} 9. Nf3 {[%emt 0:00:46]} d4 {[%emt 0:02:57]} 10. Na4 {[%emt 0:01:02]} Qd5 {[%emt 0:00:26]} 11. b3 {[%emt 0:01:23]} f6 {[%emt 0:02:35]} 12. O-O {[%emt 0:00:12]} fxe5 {[%emt 0:01:15]} 13. fxe5 {[%emt 0:00:17]} e6 {[%emt 0:03:41]} 14. Nb2 {[%emt 0:03:00]} Ne7 {[%emt 0:04:50]} 15. Nc4 {[%emt 0:02:49]} O-O {[%emt 0:01:41]} 16. Qe2 {[%emt 0:00:25]} Ba6 {[%emt 0:02:34]} 17. Rab1 {[%emt 0:04:50]} Bxc4 {[%emt 0:13:50]} 18. bxc4 {[%emt 0:00:06]} Qd7 {[%emt 0:00:07]} 19. Rb3 {[%emt 0:01:33]} Rab8 {[%emt 0:02:22]} 20. Rfb1 {[%emt 0:00:13]} Qc7 {[%emt 0:00:19]} 21. Qe1 {[%emt 0:01:15]} Rxb3 {[%emt 0:05:37]} 22. Rxb3 {[%emt 0:00:06]} Rb8 {[%emt 0:00:13]} 23. Ba5 {[%emt 0:02:00]} Qc8 {[%emt 0:00:58]} 24. Ng5 {[%emt 0:02:06]} Rxb3 {[%emt 0:01:11]} 25. axb3 {[%emt 0:00:02]} h6 {[%emt 0:00:18]} 26. Ne4 {[%emt 0:00:55]} Nf5 {[%emt 0:03:58]} 27. Nxc5 {[%emt 0:01:24]} Ne3 {[%emt 0:00:42]} 28. Qg3 {[%emt 0:02:23]} Qf8 {[%emt 0:00:38]} 29. h3 {[%emt 0:05:25]} Qxc5 {[%emt 0:01:01]} 30. b4 {[%emt 0:00:45]} Qxe5 {[%emt 0:00:48]} 31. Qxg6 {[%emt 0:00:02]} Qf5 {[%emt 0:01:13]} 32. Qe8+ {[%emt 0:00:15]} Kh7 {[%emt 0:00:16]} 33. Qxc6 {[%emt 0:00:02]} Qf1+ {[%emt 0:00:15]} 34. Kh2 {[%emt 0:00:02]} Be5+ {[%emt 0:00:18]} 0-1